| 000 | 00572nam a22002057a 4500 | ||
|---|---|---|---|
| 003 | OSt | ||
| 005 | 20140310183129.0 | ||
| 008 | 130531t xxu||||| |||| 00| 0 eng d | ||
| 020 | _a9717251010 | ||
| 050 |
_aAZ 183 _b.P131 2003 |
||
| 082 |
_aFIL 700.1 _bAe8 2003 |
||
| 245 |
_aThe Aesthetic Experience: _bAn Introduction To Humanities _cBaesa-Pagay, Jenalyn S. |
||
| 260 |
_aMakati City _bGrandwater Publication Inc. _cc2003 |
||
| 300 | _a164 p. | ||
| 521 | _acollege students | ||
| 526 | _c1210L-1700L | ||
| 541 | _j1 | ||
| 562 | _e1 | ||
| 942 |
_2lcc _cBK _kFIL |
||
| 999 |
_c19105 _d19105 |
||